Normal view
MARC view
- Fuiz-Ur-Rehman
Entry Personal Name
001 - CONTROL NUMBER
- control field: 60701
003 - CONTROL NUMBER IDENTIFIER
- control field: NUST
005 - DATE AND TIME OF LATEST TRANSACTION
- control field: 20210628202617.0
008 - FIXED-LENGTH DATA ELEMENTS
- fixed length control field: 210628|| aca||aabn | a|a d
040 ## - CATALOGING SOURCE
- Original cataloging agency: NUST
- Transcribing agency: NUST
100 ## - HEADING--PERSONAL NAME
- Personal name: Fuiz-Ur-Rehman
670 ## - SOURCE DATA FOUND
- Source citation: Work cat.: (NUST): Fuiz-Ur-Rehman, Nishan-A-Manzal ,Namwar Muslim Sipha Salar, 1995
